MARC

LEADER 00000nam0a2200000 4500
001 339685
005 20231102005151.0
035 |a (RuTPU)RU\TPU\book\366224 
090 |a 339685 
100 |a 20180122d1976 km y0rusy50 ca 
101 0 |a rus 
102 |a RU 
105 |a a z 001zy 
200 1 |a Теория автоматического опознования и гносеология  |f В. С. Тюхтин  |g Академия наук СССР (АН СССР), Институт философии (ИФ) 
210 |a Москва  |c Наука  |d 1976 
215 |a 190 с.  |c ил. 
320 |a Библиогр.: с. 182-188 
606 1 |a Распознавание образов  |x Философские проблемы  |2 stltpush  |3 (RuTPU)RU\TPU\subj\23833  |9 48350 
610 1 |a автоматическое опознавание 
610 1 |a теория 
610 1 |a гносеология 
610 1 |a гносеологический образ 
610 1 |a принципы 
610 1 |a расширение 
610 1 |a упрощение 
610 1 |a распознающие системы 
610 1 |a системный подход 
675 |a 681.327.12.001.362  |v 4 
700 1 |a Тюхтин  |b В. С.  |g Виктор Степанович 
712 0 2 |a Академия наук СССР (АН СССР)  |b Институт философии (ИФ)  |2 stltpush  |3 (RuTPU)RU\TPU\col\11338 
801 1 |a RU  |b 63413507  |c 20180122 
801 2 |a RU  |b 63413507  |c 20181023  |g RCR 
942 |c BK